|
|
|
|
| LEADER |
00620nam a22001932a 4500 |
| 001 |
000939882 |
| 003 |
CZ BrMZK |
| 005 |
20090525110053.0 |
| 007 |
ta |
| 008 |
090520s1969 bw af er|||||||||||bel d |
| 040 |
|
|
|a ABA001
|b cze
|c ABA001
|d ABA001
|
| 100 |
1 |
|
|a Šamjakìn, Ìvan Pjatrovìč,
|d 1921-2004
|7 jn19990209827
|4 aut
|
| 245 |
1 |
0 |
|a Serca na daloni :
|b raman /
|c Ivan Petrovič Šamjakin
|
| 260 |
|
|
|a Minsk :
|b Belarus',
|c 1969
|
| 300 |
|
|
|a 494 s., obr. příl.
|
| 910 |
|
|
|a BOA001
|b 1-0626.710
|
| 990 |
|
|
|a BK
|
| 991 |
|
|
|b 200905
|
| 996 |
7 |
|
|b 2619489651
|c 1-0626.710
|l MZK
|r Sklad / do 1 hodiny
|n 0
|w 000939882
|u 000010
|a 1
|e BOA001
|j MZK50
|s A
|